| 000 | 00562nam a2200217Ia 4500 | ||
|---|---|---|---|
| 003 | OSt | ||
| 005 | 20230411161318.0 | ||
| 008 | 210423s2009 xx 000 0 und d | ||
| 020 | _a71263373 | ||
| 040 | _cAL | ||
| 041 | _aeng | ||
| 082 |
_a658.4 _223 _bDEJS |
||
| 100 |
_aDE JANASZ (Suzanne C);others. _986464 |
||
| 245 | _aInterpersonal skills in organizations. | ||
| 250 | _a3 | ||
| 260 |
_aNew Delhi _bTata McGraw-hill _c2009 |
||
| 300 |
_axxii,441 _bPB |
||
| 365 |
_b815 _cINR |
||
| 906 | _aInterpersonal ; organizations. ; skills | ||
| 942 |
_2ddc _cBK |
||
| 999 |
_c157185 _d157185 |
||